000 00549cam a22001817a 4500
008 180718b2011 xxu||||| |||| 00| 0 eng d
020 _a9788131604069
082 _aBA27x54 M289
245 _aBackward classes and social justice
_cedited by M. H. Makwana and Richard Pais
260 _aJaipur
_bRawat
_c2011
300 _a340p.
650 _aReverse discrimination--India
650 _aSocial justice--India
650 _aCaste--India
650 _aPeople with social disabilities--India
700 _aPais, Richard
700 _aMakwana, M. H.
999 _c442507
_d442507